The Amsterdam connection

Wedi'i Gadw mewn:
Manylion Llyfryddiaeth
Prif Awdur: Leather, Sue
Fformat: Llyfr
Iaith:Undetermined
Cyhoeddwyd: Cambridge Cambridge University Press 2001
Pynciau:
Tagiau: Ychwanegu Tag
Dim Tagiau, Byddwch y cyntaf i dagio'r cofnod hwn!
Thư viện lưu trữ: Trung tâm Học liệu Trường Đại học Cần Thơ
LEADER 00541nam a2200193Ia 4500
001 CTU_120854
008 210402s9999 xx 000 0 und d
082 |a 428.34 
082 |b L438/Cas.1 
100 |a Leather, Sue 
245 4 |a The Amsterdam connection 
245 0 |c Sue Leather 
260 |a Cambridge 
260 |b Cambridge University Press 
260 |c 2001 
650 |a English language,English language 
650 |x Study and teaching,Listening 
904 |i M.Loan 
980 |a Trung tâm Học liệu Trường Đại học Cần Thơ